000 00319nam a2200121Ia 4500
008 240731s9999 xx 000 0 und d
022 _a2057-1690
245 0 _aMonumenta Serica : Journal of Oriental Studies
260 _bRoutledge
856 _uhttps://www.tandfonline.com/loi/ymon20
942 _2ddc
942 _cTFEJ
999 _c78618
_d78618
945 _a1
_bMadushi Gamage
_c1
_dMadushi Gamage